| 000 | 00704nam a2200217 a 4500 | ||
|---|---|---|---|
| 005 | 20221026063530.0 | ||
| 008 | 070823s2006 es r 000 0 spa d | ||
| 020 | _a8423338231 | ||
| 035 | _aUPN01000151346 | ||
| 049 | _aCG | ||
| 050 | 4 |
_aHQ759 _bE4.4 |
|
| 100 | 1 | _aEllison, Katherine | |
| 245 | 1 | 0 |
_aInteligencia maternal : _bde cómo ser madres nos vuelve más inteligentes / _cKatherine Ellison ; tr. Gloria Méndez. |
| 260 |
_aBarcelona, Esp. : _bDestino, _c2006. |
||
| 300 | _a353 p. | ||
| 440 | 0 |
_aImago mundi ; _v92 |
|
| 534 |
_pTítulo original: _tThe mommy brain : how motherhood makes us smarter |
||
| 650 | 2 |
_aMaternidad _914890 |
|
| 650 | 4 |
_aMADRES - _xPSICOLOGIA _97840 |
|
| 905 | _aLibro | ||
| 999 |
_c123484 _d123484 |
||